Estudiar en el aula : el mapa semántico /

Guardado en:
Autor Principal: Heimlich, Joan E.
Formato: Libro
Publicado: Buenos Aires : Aique, 1991
Materias:
Etiquetas: Agregar Etiqueta
Sin Etiquetas, Sea el primero en etiquetar este registro!
LEADER 00665nam a22001935a 4500
001 CEM.cems007585
005 20070305185054.0
008 130507s1991##################000#0#####d
003 CEMS
082 0 4 |a 371.36 
100 1 |a Heimlich, Joan E. 
245 1 0 |a Estudiar en el aula :  |b el mapa semántico /  |c Joan E. Heimlich 
260 |a Buenos Aires :  |b Aique,  |c 1991 
300 |a 69 p. 
653 |a Biblioteca maría de los angeles saggio 
653 |a Educación 
859 |a CEMS  |b BIB. CEMS - 11 de abril  |h 371.36  |i H364  |p 17717.94  |t Ej.1 
859 |a CEMS  |b BIB. CEMS - 11 de abril  |h 371.36  |i H364  |p 19199.97  |t Ej.2 
859 |a CEMS  |b BIB. CEMS - 11 de abril  |h 371.36  |i H364  |p 21566.01  |t Ej.3